000 02714nam a22004217a 4500
001 000107275
003 CHAP
005 20260223135733.0
008 240812s2012 mx r 00010 spa d
010 _a103737
011 _a104709
035 _a115399
040 _cCHAP
090 _aTesis
100 1 _aRamírez Maldonado, Gerardo.
245 1 0 _aHongos oomycetes asociados a cánceres de tallo y muerte regresiva en arándano ( Vaccinium spp.)/
_cpor Gerardo Ramírez Maldonado; director Angel Rebollar Alviter.
264 1 _aChapingo, Méx. :
_bEl autor,
_c2012.
300 _a1 recurso en línea (97 páginas).
336 _2rdacontent
_atexto
_btxt
337 _2rdamedia
_acomputadora
_bc
338 _2rdacarrier
_arecurso en línea
_bcr
502 _bMaestro en Ciencias en Protección Vegetal,
_cDepartamento de Parasitología Agrícola.
_d2012.
520 _aEl objetivo de este estudio fue identificar los organismos asociados a cánceres de tallo y muerte regresiva en arándano en Michoacán y Jalisco. Se realizaron colectas de material enfermo durante los meses de junio a octubre del 2011, de plantaciones comerciales de arándano cv. Biloxi.Las muestras fueron aisladas en PDA. Se realizó identificación morfológica y filogenética mediante la amplificación de los ITS de los genes ribosomales. Las secuencias fueron comparadas con las depositadas en el Genbank indicando que Phytophthora cinnamomi, Neofusicoccum parvum, Pestalotiopsis clavispora, Pestalotiopsis microspora, Pestalotiopsis sp., Lasiodiplodia theobromae, Lasiodiplodia pseudotheobromae, están asociados a cánceres de tallo y muerte regresiva. El análisis filogenético reveló que, a excepción de Phytophthora cinnamomi, las cepas de Neofusicoccum parvum, Pestalotiopsis spp., Lasiodiplodia spp., presentan variabilidad genética. Se hicieron pruebas de patogenicidad para Phytophthora cinnamomi, Neofusicoccum parvum y Lasiodiplodia theobromae, todos los síntomas coincidieron con lo reportado por la literatura y los postulados de Koch fueron completados.
590 _aALEPH
_b10
_c20130110
590 _aBATCH-UPD
_b10
_c20130110
590 _aBATCH-UPD
_b10
_c20130410
590 _aBATCH-UPD
_b10
_c20130914
590 _aCONVERSION
_b10
_c20130109
590 _aUACH
_b10
_c20141202
650 0 4 _aArándano
_xEnfermedades.
650 0 4 _aArándano
_xPlagas.
700 1 _aRebollar Alviter, Angel
_edirector.
856 _uhttp://10.13.5.2/tesis/115399.pdf
_yDESCARGAR PDF
901 _aBK
942 _cTesis
_2Clasificación Universidad Autónoma Chapingo
949 _aTesis
_bBC
_cTES
_d33724002329611
_eTS2
_fc.2
_h53807
_i115399
_st
949 _aTesis
_bBC
_cTES
_d33724002329652
_eTS1
_h53806
_i115399
_st
999 _c103737
_d103737